000 00404nam a2200181Ia 4500
008 240509s9999 xx 000 0 und d
020 _a0000412435403
041 _aEng
082 _a519.248
082 _bI73
100 _aISHIKAWA, Kaoru
245 0 _aIntroduction to quality control
260 _bLondon : Chapman Hall
260 _c1989
300 _a435 p.
942 _2ddc
942 _cRBK
999 _c22701
_d22701
945 _a1
_bMadushi Gamage
_c1
_dMadushi Gamage